Diário de um banana (Record no. 22833)

MARC details
000 -LÍDER
campo de controle de tamanho fixo 00363 a2200157 4500
001 - NÚMERO DE CONTROLE
campo de controle 22833
020 ## - ISBN - INTERNATIONAL STANDARD BOOK NUMBER
ISBN - International Standard Book Number 9788576832294
040 ## - FONTE DA CATALOGAÇÃO
Instituição que transcreveu o registro Anchieta - São Paulo/Itaigara
100 ## - ENTRADA PRINCIPAL--NOME PESSOAL
Nome pessoal Soares, Antonio Macedo
240 10 - TÍTULO UNIFORME
Título uniforme Diário de um banana
Idioma da obra por
245 10 - TÍTULO
Título Diário de um banana
300 ## - DESCRIÇÃO FÍSICA
Extensão 217
362 0# - DATAS DE PUBLICAÇÃO E/OU DESIGNAÇÃO SEQUENCIAL
Datas de publicação e/ou designação sequencial 2010
650 #4 - ASSUNTO--TERMO TÓPICO
Cabeçalho tópico ou nome geográfico Literatura juvenil
942 ## - ELEMENTOS DE ENTRADA ADICIONADOS (KOHA)
Tipo de material Koha Livros
Holdings
Situação do descarte Situação das perdas Situação física Não pode ser emprestado Biblioteca de origem Biblioteca atual Data de aquisição Total de empréstimos Número de chamada completo Código de barras Data de último acesso Data do último empréstimo Data do preço efetivo Tipo de material Koha
        Colégio São Paulo Colégio São Paulo 22/11/2023   LJ 028.5 K52d 3092/CSP 22/11/2023   22/11/2023 Livros
        Colégio São Paulo Colégio São Paulo 22/11/2023   LJ 028.5 K52d 3093/CSP 22/11/2023   22/11/2023 Livros
        Colégio São Paulo Colégio São Paulo 22/11/2023   LJ 028.5 K52d 3095/CSP 22/11/2023   22/11/2023 Livros
        Colégio Anchieta - Pituba Inspira 21/11/2023 1 LJ 028.5 K52d KIN DIA 22298/PIT 21/11/2023 21/11/2023 21/11/2023 Livros